| 000 | 00685nam a2200241 a 4500 | ||
|---|---|---|---|
| 008 | |||
| 020 | _a9781859464250 (pbk.) | ||
| 049 | _aMAIN | ||
| 090 |
_aTH213.5 _bBAR |
||
| 100 | 1 | _aBarlow, Stuart. | |
| 245 | 1 | 0 |
_aGuide to breeam / _cStuart Barlow. |
| 260 |
_aLondon : _bRIBA Publishing, _c2011. |
||
| 300 |
_aiv,228 p. : _bill. ; _c24 cm. |
||
| 504 | _aIncludes bibliographical references. | ||
| 500 | _aIncludes index. | ||
| 650 | _aConstruction. | ||
| 650 |
_aBuilding research _xarchitecture |
||
| 907 |
_a.b10369119 _b15-02-16 _c12-02-16 |
||
| 003 | |||
| 005 | 20230123122205.0 | ||
| 040 | _cNUST | ||
| 942 |
_cBOOKS _kTH213.5 _mBAR |
||
| 999 |
_c129386 _d129386 |
||